Religion Quiz

Random Religion or Bible Quiz

Bible Books by First 2 and Last 2 Letters Quiz Stats

 Plays Quiz Updated Jul 29, 2017

Support Sporcle.
Go Orange.
Score 0/28 Timer 04:00
1 Play Today
First 2 & Last 2 Letters Book % Correct
PSMSPsalms
89.6%
GEISGenesis
89.2%
HEWSHebrews
88.6%
JOUAJoshua
88.4%
MAEWMatthew
88.2%
JOAHJonah
87.6%
PRBSProverbs
87.4%
EZELEzekiel
86.7%
JAESJames
86%
DAELDaniel
84.4%
ISAHIsaiah
84.1%
PEERPeter
83.4%
DEMYDeuteronomy
83.2%
TIUSTitus
83.1%
First 2 & Last 2 Letters Book % Correct
SAELSamuel
82.3%
LEUSLeviticus
82.3%
ESEREsther
81.6%
RONSRomans
80.2%
MIAHMicah
79.8%
MAHIMalachi
73.6%
ECESEcclesiastes
73.3%
EPNSEphesians
73.1%
REONRevelation
66.7%
NEAHNehemiah
65.3%
JUESJudges
64.3%
HAAIHaggai
61.3%
PHONPhilemon
60.9%
NAUMNahum
58.7%

You're not logged in!

Compare scores with friends on all Sporcle quizzes.
OR
Log In
Forgot?

From the Vault

Find the All Woman Band or Group

by El_Dandy

Binoculars not required.
Remove Ads.
Support Sporcle.
Get the best of Sporcle when you Go Orange. This ad-free experience offers more features, more stats, and more fun while also helping to support Sporcle. Thank you for becoming a member.

Show Comments

Extras

Top Quizzes Today


Score Distribution

Your Account Isn't Verified!

In order to create a playlist on Sporcle, you need to verify the email address you used during registration. Go to your Sporcle Settings to finish the process.

Report this User

Report this user for behavior that violates our Community Guidelines.

Details: